載入...

Highways and byways in Sanskrit literature /

Contributed research papers on various aspects of Sanskrit literature.

書目詳細資料
主要作者: Unni, N. P.
格式: Printed Book
語言:English
主題:
LEADER 01534cam a2200301 i 4500
008 130905s2012 ii a b 000 0 eng
010 |a  2013316462 
020 |a 9788183151870 (set) 
020 |a 8183151876 (set) 
025 |a I-E-2013-316462; 28-90 
042 |a lcode  |a pcc 
043 |a a-ii--- 
082 |a 891.2 
100 1 |a Unni, N. P., 
245 1 0 |a Highways and byways in Sanskrit literature /  |c N. P. Unni. 
300 |a 2 volumes :  |b illustrations ;  |c 25 cm 
504 |a Includes bibliographical references. 
520 |a Contributed research papers on various aspects of Sanskrit literature. 
650 0 |a Sanskrit literature  |x History and criticism. 
942 |2 ddc  |c REF 
546 |a Includes passages in Sanskrit. 
906 |a 7  |b cbc  |c origode  |d 3  |e ncip  |f 20  |g y-gencatlg 
955 |i wd24 2013-11-18 to ASME 
999 |c 248868  |d 248868 
952 |0 0  |1 0  |4 0  |6 891_000000000000000_2_UNN_H_1  |7 0  |9 276338  |a SAN  |b SAN  |c Ref  |d 2014-12-15  |g 3500.00  |h vol.1  |i 10748  |l 0  |o 891.2, UNN/H.1  |p SAN10748  |r 2014-12-15  |w 2018-08-17  |y REF 
952 |0 0  |1 0  |4 0  |6 891_000000000000000_2_UNN_H_2  |7 0  |9 276339  |a SAN  |b SAN  |c Ref  |d 2014-12-15  |g 3500.00  |h vol.2  |i 10749  |l 0  |o 891.2, UNN/H.2  |p SAN10749  |r 2014-12-15  |w 2014-12-15  |y REF 
952 |0 0  |1 0  |4 0  |6 891_000000000000000_2_UNN_H_1  |7 0  |9 276340  |a SAN  |b SAN  |c REF  |d 2016-08-30  |h vol.1-11310  |i 11310  |l 0  |o 891.2, UNN/H.1  |p SAN11310  |r 2016-08-30  |w 2016-08-30  |y REF 
952 |0 0  |1 0  |4 0  |6 891_000000000000000_2_UNN_H_2  |7 0  |9 276341  |a SAN  |b SAN  |c REF  |d 2016-08-30  |h vol.1-11311  |i 11311  |l 0  |o 891.2, UNN/H.2  |p SAN11311  |r 2016-08-30  |w 2016-08-30  |y REF